| 000 | 00344nam a22001457a 4500 | ||
|---|---|---|---|
| 008 | 210602b ||||| |||| 00| 0 eng d | ||
| 020 | _a9780763757137 | ||
| 041 | _aeng | ||
| 080 |
_22nd _a334.7 |
||
| 082 | _a334.7 | ||
| 100 | _a55 | ||
| 101 | _aMF | ||
| 245 |
_aFinancial Management for Nurse Managers _cJoseph Z. Pinczuk |
||
| 942 |
_2udc _cBK |
||
| 999 |
_c57887 _d57887 |
||